Ginecología y obstetricia (Record no. 72305)

MARC details
000 -LEADER
campo de control de longitud fija 01328nam a2200313 i 4500
001 - NÚMERO DE CONTROL
campo de control 72305
003 - IDENTIFICADOR DE NÚMERO DE CONTROL
campo de control ES-MaACL
005 - FECHA Y HORA DE LA ÚLTIMA TRANSACCIÓN
campo de control 20250717094521.0
007 - CAMPO FIJO DE DESCRIPCIÓN FÍSICA--INFORMACIÓN GENERAL
campo de control de longitud fija t|
008 - DATOS DE LONGITUD FIJA--INFORMACIÓN GENERAL
campo de control de longitud fija 040830m19741979sp adfo |||| | spa d
080 ## - NÚMERO DE LA CLASIFICACIÓN DECIMAL UNIVERSAL
Número de la Clasificación Decimal Universal 618.1(075.8)
080 ## - NÚMERO DE LA CLASIFICACIÓN DECIMAL UNIVERSAL
Número de la Clasificación Decimal Universal 618.2(075.8)
245 00 - MENCIÓN DEL TÍTULO
Título Ginecología y obstetricia
Resto del título : fundamentos, patología, profilaxis, diagnósticos, terapeútica /
Mención de responsabilidad, etc. O. Käser ... [et al.] ; traducción revisada por el Dr. José M.ª Carrera Maciá.
246 3# - FORMA VARIANTE DEL TITULO
Título propio/Titulo breve Embarazo y parto
260 ## - PUBLICACIÓN, DISTRIBUCIÓN, ETC.
Lugar de publicación, distribución, etc. Barcelona :
Nombre del editor, distribuidor, etc. Salvat,
Fecha de publicación, distribución, etc. [1974-1979]
300 ## - DESCRIPCIÓN FÍSICA
Extensión 3 v. (h. de lám., alguna pleg.) :
Otras características físicas il., fot., gráf. ;
Dimensiones 26 cm.
500 ## - NOTA GENERAL
Nota general Índices.
504 ## - NOTA DE BIBLIOGRAFÍA, ETC.
Nota de bibliografía, etc. Referencias bibliográficas.
505 8# - NOTA DE CONTENIDO CON FORMATO
Nota de contenido con formato Contiene: t. I ;
Título Las funciones sexuales específicas de la mujer y sus transtornos /
Mención de responsabilidad F. Bahner... [et al.] (XV, 910 p.) - t. II. --
Título Embarazo y parto /
Mención de responsabilidad por L. Beck... [et al.] (XIX, 1049 p.) - t. III. --
Título Ginecología especial /
Mención de responsabilidad por F.W. Ahnefeld... [et al.] (XVI, 1106 p.)
650 04 - PUNTO DE ACCESO ADICIONAL DE MATERIA--TÉRMINO DE MATERIA
Término de materia o nombre geográfico como elemento de entrada Ginecología.
9 (RLIN) 13119
650 #7 - PUNTO DE ACCESO ADICIONAL DE MATERIA--TÉRMINO DE MATERIA
Término de materia o nombre geográfico como elemento de entrada Obstetricia
Fuente del encabezamiento o término embne
9 (RLIN) 15676
700 1# - ENTRADA AGREGADA--NOMBRE PERSONAL
Nombre de persona Käser, Otto.
9 (RLIN) 161478
700 1# - ENTRADA AGREGADA--NOMBRE PERSONAL
Nombre de persona Carrera Maciá, José María.
9 (RLIN) 35639
700 1# - ENTRADA AGREGADA--NOMBRE PERSONAL
Nombre de persona Bahner, F.
9 (RLIN) 24667
700 1# - ENTRADA AGREGADA--NOMBRE PERSONAL
Nombre de persona Beck, L.
9 (RLIN) 26926
852 ## - LOCALIZACIÓN
Ubicación ES-MaACL
Número de control de estantería A-10718-20
852 ## - LOCALIZACIÓN
Ubicación ES-MaACL
Número de control de estantería A-10829-31
Holdings
Estatus retirado Estado de pérdida Estado de daño No para préstamo Biblioteca de origen Biblioteca actual Ubicación en estantería Fecha de adquisición Fuente de adquisición Total de préstamos Signatura topográfica completa Código de barras Visto por última vez Precio de reemplazo Tipo de ítem Koha
        Biblioteca del Ateneo de Madrid Biblioteca del Ateneo de Madrid Depósito 1 17/01/2008     A-10829-31 1075700 23/02/2023 23/02/2023 Libro impreso
        Biblioteca del Ateneo de Madrid Biblioteca del Ateneo de Madrid Depósito 1 17/01/2008     A-10718-20 1075699 23/02/2023 23/02/2023 Libro impreso